Multigrid

Αποθηκεύτηκε σε:
Λεπτομέρειες βιβλιογραφικής εγγραφής
Κύριος συγγραφέας: Trottenberg, U.
Άλλοι συγγραφείς: Oosterlee, C. W. (Cornelis W.), Schuller, Anton
Μορφή: Βιβλίο
Γλώσσα:English
Δημοσίευση: San Diego : Academic Press, c2001
Θέματα:
Ετικέτες: Προσθήκη ετικέτας
Δεν υπάρχουν, Καταχωρήστε ετικέτα πρώτοι!

MARC

LEADER 00000nam a2200000 i 4500
001 1/69251
008 020702s2001 eng d
020 |a 0-127-01070-X 
035 |l 10002213 
040 |a GR-MY-UA  |b gre  |e aacr 
041 0 |a eng 
082 0 |a 519.4  |2 (22) 
100 1 |a Trottenberg, U. 
245 1 0 |a Multigrid /  |c U. Trottenberg, C.W. Oosterlee, A. Scholler ; with quest contributions by A. Brandt, P. Oswald, and K. Stuben 
260 |a San Diego :   |b Academic Press,   |c c2001 
300 |a xv, 631 σ.;  |b εικ.;  |c 25 εκ. 
504 |a Βιβλιογραφία: σ.590-612. Ευρετήριο 
650 0 0 |a Multigrid methods (Numerical analysis) 
700 1 |a Oosterlee, C. W.  |c (Cornelis W.) 
700 1 |a Schuller, Anton. 
852 |a INST  |b SAMOS  |e 20020702  |h 519.4 TRO  |p 005300024499  |q 005300024499  |t BK  |y 0 
852 |a INST  |b SAMOS  |e 20060906  |h 519.4 TRO  |p 005300026443  |q 005300026443  |t BK  |y 0 
901 |a BIBL3-2006-3 
901 |a BIBL3-2002-2 
909 |a Σ  |b 129452 
909 |a Σ  |b 102184 
920 |a ΑΝΑΜΟΡΦΩΣΗ  |b ΕΠΕΑΕΚ II-ΜΑΘ  |y ΣΑΜΟΣ  |z 2006-08 
922 |a 3ΕΛΗ  |b 200202  |c ΤΜΗΜΑ ΜΑΘΗΜΑΤΙΚΩΝ  |d ΠΑΠΑΣΩΤΗΡΙΟΥ 
950 |a 116-2002-02-20 
970 |a ΚΟΣΙΕΡΗΣ  |b ΧΡΗΣΤΟΣ  |z 2002/07/02